Readiness for retirement (Record no. 367072)
[ view plain ]
| 000 -LEADER | |
|---|---|
| fixed length control field | 00907nam a22002177a 4500 |
| 003 - CONTROL NUMBER IDENTIFIER | |
| control field | 0 |
| 005 - DATE AND TIME OF LATEST TRANSACTION | |
| control field | 20250127115526.0 |
| 008 - FIXED-LENGTH DATA ELEMENTS--GENERAL INFORMATION | |
| fixed length control field | 250127b xxu||||| |||| 00| 0 eng d |
| 050 ## - LIBRARY OF CONGRESS CALL NUMBER | |
| Classification number | HD 7104.5 |
| Item number | .M36 2018 |
| 100 ## - MAIN ENTRY--PERSONAL NAME | |
| Personal name | Manabat, Angela Allyson V. |
| 245 ## - TITLE STATEMENT | |
| Title | Readiness for retirement |
| Remainder of title | A comparative analysis between part-time and full-time faculty members of southville international school and colleges |
| Statement of responsibility, etc | Angela Allyson V. Manabat |
| 260 ## - PUBLICATION, DISTRIBUTION, ETC. (IMPRINT) | |
| Place of publication, distribution, etc | Las Pinas City |
| Name of publisher, distributor, etc | Southville International School and Colleges |
| Date of publication, distribution, etc | 2018 |
| 300 ## - PHYSICAL DESCRIPTION | |
| Extent | iv, 71 pages ; |
| Dimensions | 28cm. |
| 500 ## - GENERAL NOTE | |
| General note | Human Resource Management. |
| 504 ## - BIBLIOGRAPHY, ETC. NOTE | |
| Bibliography, etc | Includes bibliographical references and appendices. <br/> |
| 650 ## - SUBJECT ADDED ENTRY--TOPICAL TERM | |
| Topical term or geographic name as entry element | Retirement—Psychological aspects. |
| 650 ## - SUBJECT ADDED ENTRY--TOPICAL TERM | |
| Topical term or geographic name as entry element | College teachers—Retirement |
| 650 ## - SUBJECT ADDED ENTRY--TOPICAL TERM | |
| Topical term or geographic name as entry element | Southville International School and Colleges—Faculty—Retirement. |
| 650 ## - SUBJECT ADDED ENTRY--TOPICAL TERM | |
| Topical term or geographic name as entry element | Retirement—Planning. |
| 942 ## - ADDED ENTRY ELEMENTS (KOHA) | |
| Source of classification or shelving scheme | Library of Congress Classification |
| Koha item type | Theses |
| Withdrawn status | Lost status | Source of classification or shelving scheme | Damaged status | Home library | Current library | Shelving location | Date acquired | Source of acquisition | Sub Shelving location | Total Checkouts | Full call number | Barcode | Date last seen | Price effective from | Koha item type |
|---|---|---|---|---|---|---|---|---|---|---|---|---|---|---|---|
| Library of Congress Classification | College Library | College Library | Theses Section | 01/27/2025 | Donation | HD 7104.5 .M36 2018 | T1290 | 01/27/2025 | 01/27/2025 | Theses |